Wireless communications

Gespeichert in:
Bibliographische Detailangaben
1. Verfasser: Goldsmith, Andrea (VerfasserIn)
Format: Buch
Sprache:Englisch
Veröffentlicht: Nueva York Cambridge University Press 2005
Ausgabe:1a. ed
Schlagworte:
Tags: Tag hinzufügen
Keine Tags, Fügen Sie den ersten Tag hinzu!

MARC

LEADER 00000cam a2200000 a 4500
001 UCF0261
003 CL-VaPUC
008 120510e20050000US |||||||||||||||||eng|d
020 |a 9780521837163 
082 0 4 |a 621.382  |b GOL  |2 21 
100 0 |a Goldsmith, Andrea  |e author  |9 562134 
245 1 0 |a Wireless communications 
250 |a 1a. ed 
300 |a 644 p 
942 |c BK 
945 |d 20120510 00:00:00  |a cmena 
260 |a Nueva York  |b Cambridge University Press  |c 2005 
650 0 |a Telecomunicaciones   |9 257195 
650 0 |a Sistemas de comunicación   |9 260934 
650 0 |a Procesamiento de señales   |9 260702 
650 7 |a SEÑAL DIGITAL  |2 CL-VaPUC  |9 436553 
650 0 |a Comunicación digital   |9 260754 
650 0 |a Protocolos de redes   |9 464559 
583 |a last modification  |c 20170823 12:44:46  |k Rodrigo Vera 
999 |c 347698  |d 347696 
952 |0 0  |1 0  |4 0  |6 621_382000000000000_GOL_2005  |7 0  |8 A  |9 449205  |a BIBING  |b BIBING  |d 2019-11-22  |i 4868803  |o 621.382 GOL 2005  |p 4868803  |r 2025-01-20  |w 2019-11-22  |y BK  |k EIE